000 00680nam a22001937a 4500
005 20251105083652.0
008 241008b |||||||| |||| 00| 0 eng d
020 _a9786214183500
082 _2
_aDFil 345 G11 2024
100 _aGabao, Ramil G.
_912071
245 _aCriminal procedure :
_ba handbook for criminology students /
_cRamil G. Gabao and Victor T. Tulalian.
250 _aThird edition.
260 _aQuezon City :
_bWiseman's Books Trading, Inc.,
_c©2024.
300 _aiv, 144 pages :
_billustrations ;
_c22 cm.
500 _aIncludes bibliography.
650 0 _aCriminal procedure.
_964078
700 _aTulalian, Victor T.
_930610
_eauthor.
942 _2ddc
_cDFIL
999 _c22332
_d22332